LEADER 00655naa a2200157 i 4500 001 000000296078 003 CaOOAMICUS 005 20180831172538.0 008 180831n xx u000 u und u 013 $a3521 040 $aSeMil$bita 100 1 $aSpinsanti, Sandro,$d<1942- >.$0(OLS)http://semarc/name/12161 245 13$aIl linguaggio del corpo nella comunicazione rituale. 650 4$aLinguaggio religioso.$0(OLS)http://semarc/subject/1245 773 0 $tComunicazione e ritualità.$dPadova : Messaggero, 1988.$kCaro Salutis Cardo. Contributi$z88-7026-786-5$w()48649 996 $6245$aIl linguaggio del corpo nella comunicazione rituale$9(OLS)http://semarc/title/372136 LEADER 01049nam a2200265 i 4500 001 000000036060 003 CaOOAMICUS 005 20131111000000.0 008 131111s1998 it u000 u ita u 013 $a5166 020 $a88-01-10126-0 040 $aSeMil$bita 245 10$aAlla ricerca :$bcammino di gruppo per adolescenti. 260 $aLeumann (TO) :$bElle Di Ci,$c1998. 300 $a118 p. ;$c22 cm. 490 0 $aSussidi di gruppo 650 4$aPastorale dei giovani.$0(OLS)http://semarc/subject/56224 650 4$aPastorale giovanile - Manuali.$0(OLS)http://semarc/subject/258 830 0$aSussidi di gruppo.$0(OLS)http://semarc/title/39518 850 $aSeMil 852 $aSeMil$W1$xVenegono$y1$m2F V 250$j2215$B2215$CSeMilBibl$Z2$F2215 $81 961 $aOmaggio: Bressan don Luca 996 $6020$a88-01-10126-0$9(OLS)http://semarc/number/4532 996 $6245$aAlla ricerca :$bcammino di gruppo per adolescenti$9(OLS)http://semarc/title/49704 996 $6260$aLeumann (TO) :$bElle Di Ci$9(OLS)http://semarc/publisher/29654